[Event "AUTO-INT-54"]
[Site "http://www.queenalice.com/game.php?id=37264"]
[Date "2005.11.9"]
[Round "1"]
[White "Edluise"]
[Black "arliones"]
[Result "1-0"]
[WhiteElo "1055"]
[BlackElo "1351"]

1. e4 e5 2. Bc4 Qh4 3. Qf3 Bc5 4. Qxf7+ Kd8 5. Nf3 Qxe4+ 6. Kd1 Nh6 7. Qxg7 Rf8
8. d3 Qc6 9. Bxh6 d5 10. Nxe5 dxc4 11. Bg5+ Ke8 12. Nxc6 bxc6 13. Re1+ Be7 14.
Qxe7# 1-0

[Event "AUTO-OPEN-172"]
[Site "http://www.queenalice.com/game.php?id=37414"]
[Date "2005.11.11"]
[Round "1"]
[White "kapilgain"]
[Black "Edluise"]
[Result "1-0"]
[WhiteElo "2021"]
[BlackElo "1193"]

1. e4 e5 2. Nf3 d6 3. Bc4 Nf6 4. Ng5 Nc6 5. Nxf7 Qd7 6. Nxh8 Nxe4 7. Qh5+ Kd8 8.
Qxh7 Nd4 9. Qxe4 b5 10. Nf7+ Ke8 11. Qg6 bxc4 12. Nxe5+ Kd8 13. Nxd7 Nxc2+ 14.
Qxc2 Bxd7 15. Qxc4 g5 16. Qg8 Ke7 17. Qxg5+ Ke8 18. O-O Be7 19. Qg8+ Bf8 20.
Re1+ 1-0

[Event "AUTO-OPEN-172"]
[Site "http://www.queenalice.com/game.php?id=37415"]
[Date "2005.11.11"]
[Round "1"]
[White "Edluise"]
[Black "kapilgain"]
[Result "0-1"]
[WhiteElo "1195"]
[BlackElo "2019"]

1. e4 e5 2. Bc4 Nc6 3. Qf3 Nf6 4. Nh3 Nd4 5. Qc3 Nxe4 6. Qa5 Nxc2+ 7. Ke2 Nxa1
8. Qxe5+ Qe7 9. Qxc7 Ng3+ 10. Kd1 Nxh1 11. b3 Qf6 12. Bb2 Qxb2 13. Nc3 Be7 14.
Nd5 Nc2 15. Nxe7 Qb1+ 16. Ke2 Qe1+ 17. Kd3 Nb4+ 18. Kc3 Nxa2+ 19. Kd3 Nb4+ 20.
Kc3 Qxe7 0-1

[Event "AUTO-OPEN-172"]
[Site "http://www.queenalice.com/game.php?id=37438"]
[Date "2005.11.11"]
[Round "1"]
[White "BodomChilD"]
[Black "Edluise"]
[Result "1-0"]
[WhiteElo "1438"]
[BlackElo "1184"]

1. e4 e5 2. Nf3 d6 3. Nc3 Nf6 4. g3 Be7 5. d4 exd4 6. Nxd4 O-O 7. Nf5 Bxf5 8.
exf5 Re8 9. Bc4 Ng4 10. Qxg4 Bf6+ 11. Be3 Nd7 12. Ne4 Ne5 13. Qe2 Nxc4 14. Qxc4
Bxb2 15. Rb1 d5 16. Qb4 Be5 17. Ng5 Re7 18. O-O f6 19. Nf3 d4 20. Bd2 a5 21.
Qxb7 c5 22. Qb5 Qc8 23. Bxa5 Qxf5 24. Ne1 Rae8 25. Qc4+ Kh8 26. Qxc5 1-0

[Event "AUTO-OPEN-172"]
[Site "http://www.queenalice.com/game.php?id=37439"]
[Date "2005.11.11"]
[Round "1"]
[White "Edluise"]
[Black "BodomChilD"]
[Result "0-1"]
[WhiteElo "1095"]
[BlackElo "1389"]

1. e4 e6 2. e5 c5 3. c4 Nc6 4. Qe2 Nd4 5. Qd3 Ne7 6. Nh3 Nef5 7. Be2 b6 8. O-O
Bb7 9. Nc3 Qc7 10. f4 Be7 11. Ng5 O-O 12. Bh5 g6 13. Nb5 Qc6 14. Bf3 d5 15. cxd5
exd5 16. Bxd5 Qxd5 17. Nc7 Qxg2# 0-1

[Event "AUTO-OPEN-172"]
[Site "http://www.queenalice.com/game.php?id=37452"]
[Date "2005.11.11"]
[Round "1"]
[White "dstrutz"]
[Black "Edluise"]
[Result "1-0"]
[WhiteElo "1875"]
[BlackElo "1237"]

1. e4 e5 2. Nf3 d6 3. Bc4 Nf6 4. Nc3 Ng4 5. d3 Be7 6. O-O O-O 7. h3 Nf6 8. Be3
Nc6 9. Bb3 Nb4 10. Nh2 c5 11. f4 exf4 12. Bxf4 a5 13. Nd5 Nfxd5 14. Bxd5 Bf6 15.
c3 Nc6 16. Bxc6 bxc6 17. Ng4 c4 18. d4 h5 19. Nxf6+ Qxf6 20. Qxh5 g6 21. Qe2 g5
22. Bh2 Qg6 23. Rae1 g4 24. hxg4 Bxg4 25. Qxc4 Rae8 26. Qxc6 Bh3 27. Rf2 Kh8 28.
Re3 Bc8 29. Rf4 1-0

[Event "AUTO-OPEN-172"]
[Site "http://www.queenalice.com/game.php?id=37453"]
[Date "2005.11.11"]
[Round "1"]
[White "Edluise"]
[Black "dstrutz"]
[Result "0-1"]
[WhiteElo "1186"]
[BlackElo "1814"]

1. e4 e6 2. e5 d5 3. Nc3 c5 4. Nb5 Nc6 5. Nd6+ Bxd6 6. exd6 Qxd6 7. Nf3 Nf6 8.
Ng5 Qe5+ 9. Be2 Qxg5 10. O-O Nd4 11. Bd3 c4 12. Be2 O-O 13. c3 Nxe2+ 14. Qxe2
Qg6 15. d4 Bd7 16. Bf4 Bc6 17. Bd6 Rfe8 18. f4 Ne4 19. Be5 f6 20. Bc7 b6 21. Qe1
Rac8 22. Be5 fxe5 23. fxe5 Rf8 24. Qh4 Rxf1+ 25. Kxf1 Rf8+ 26. Ke1 Qf5 27. Rd1
Qf1# 0-1

[Event "AUTO-INT-55"]
[Site "http://www.queenalice.com/game.php?id=37632"]
[Date "2005.11.12"]
[Round "1"]
[White "arliones"]
[Black "Edluise"]
[Result "1-0"]
[WhiteElo "1478"]
[BlackElo "1235"]

1. e4 e5 2. Qh5 Qf6 3. Nf3 d6 4. d3 Ne7 5. Bg5 Qe6 6. Nc3 g6 7. Qh3 h6 8. Qxe6
fxe6 9. Bxe7 Bxe7 10. d4 exd4 11. Nxd4 O-O 12. Nxe6 Bxe6 13. O-O-O Nc6 14. Bb5
Ne5 15. Rhf1 c6 16. Bd3 Bg5+ 17. Kb1 b5 18. g3 Bg4 19. Ne2 Nf3 20. h4 Nd2+ 21.
Ka1 Nxf1 22. hxg5 Rxf2 23. gxh6 Bxe2 24. Bxe2 Rxe2 25. Rxf1 Rxe4 26. Rh1 Rae8
27. b3 b4 28. h7+ Kh8 29. Rh6 Re1+ 30. Kb2 Rd1 31. Rxg6 Kxh7 32. c3 1-0

[Event "AUTO-INT-55"]
[Site "http://www.queenalice.com/game.php?id=37633"]
[Date "2005.11.12"]
[Round "1"]
[White "Edluise"]
[Black "arliones"]
[Result "1-0"]
[WhiteElo "1191"]
[BlackElo "1489"]

1. e4 e5 2. Bc4 Qh4 3. Qf3 Nh6 4. d4 exd4 5. Ne2 Bc5 6. Bxh6 d5 7. Bxd5 O-O 8.
Qg3 Qxh6 9. Qxc7 Be6 10. Qxc5 Na6 11. Qxd4 f5 12. exf5 Rxf5 13. Nbc3 Rd8 14. Nf4
Bxd5 15. Nfxd5 Nc7 16. Ne7+ Kf7 17. Qxd8 Re5+ 18. Kd1 Rxe7 19. Re1 Ne6 20. Nd5
Re8 21. Qd7+ Kf8 22. f4 Qxh2 23. f5 Qh5+ 24. Kd2 Qxf5 25. Rad1 Qf2+ 26. Re2 Qd4+
27. Kc1 Qg4 28. Nc7 Re7 29. Rf1+ 1-0

[Event "AUTO-INT-55"]
[Site "http://www.queenalice.com/game.php?id=37645"]
[Date "2005.11.12"]
[Round "1"]
[White "Edluise"]
[Black "paulmorphy"]
[Result "1-0"]
[WhiteElo "1178"]
[BlackElo "1316"]

1. e4 e5 2. Qf3 Nf6 3. Bc4 Nc6 4. Nh3 Bc5 5. O-O h6 6. Nc3 O-O 7. d3 d6 8. Nd5
Nxd5 9. exd5 Nd4 10. Qg3 Ne2+ 11. Kh1 Nxg3+ 12. fxg3 Bxh3 13. gxh3 Qd7 14. g4 h5
15. gxh5 Qxh3 16. Rg1 Bxg1 17. Kxg1 Qxh5 18. Be3 Qg4+ 19. Kh1 Qf3+ 20. Kg1 Qxe3+
21. Kf1 1-0

[Event "AUTO-INT-55"]
[Site "http://www.queenalice.com/game.php?id=37650"]
[Date "2005.11.12"]
[Round "1"]
[White "ivan_at"]
[Black "Edluise"]
[Result "1-0"]
[WhiteElo "1458"]
[BlackElo "1081"]

1. e4 e5 2. Nf3 d6 3. Nc3 Nf6 4. d4 exd4 5. Qxd4 Nc6 6. Bb5 Bd7 7. Bxc6 Bxc6 8.
O-O Ng4 9. Bg5 f6 10. Be3 b5 11. h3 Ne5 12. Nd5 Bxd5 13. Qxd5 Nc4 14. Qxb5+ Kf7
15. Qxc4+ Ke8 16. Nd4 Qb8 17. Qd5 g5 18. Qe6+ Be7 19. Nf5 Qxb2 20. Qxe7# 1-0

[Event "AUTO-INT-55"]
[Site "http://www.queenalice.com/game.php?id=37651"]
[Date "2005.11.12"]
[Round "1"]
[White "Edluise"]
[Black "ivan_at"]
[Result "0-1"]
[WhiteElo "1229"]
[BlackElo "1531"]

1. e4 e5 2. Qf3 Nf6 3. Nh3 h6 4. Bc4 d6 5. O-O Be6 6. Na3 Na6 7. d3 Be7 8. Be3
O-O 9. Nb5 b6 10. Nxc7 Nxc7 11. d4 Bg4 12. Qg3 Qd7 13. d5 Nxe4 14. Qxg4 Qxg4 15.
f3 Qh4 16. f4 b5 17. g3 Qg4 18. Nf2 Qf3 19. Bd3 Nxg3 20. hxg3 Qxg3+ 21. Kh1 Qxe3
22. Rae1 Qf3+ 23. Kg1 Qxf4 24. Nh3 Qg3+ 25. Kh1 Qxh3+ 26. Kg1 Bh4 27. Bf5 Qg3+
28. Kh1 Nxd5 29. Rg1 Qf4 0-1

[Event "Let's Play Chess!"]
[Site "http://www.queenalice.com/game.php?id=39494"]
[Date "2005.11.24"]
[Round "-"]
[White "melchior"]
[Black "Edluise"]
[Result "1-0"]
[WhiteElo "1428"]
[BlackElo "1197"]

1. d4 d5 2. c4 dxc4 3. e4 Nf6 4. e5 Ne4 5. Bxc4 e6 6. d5 Bb4+ 7. Nd2 exd5 8. Bb3
Nc6 9. Nf3 d4 10. Bc4 O-O 11. O-O d3 12. Nxe4 Na5 13. Bxd3 f5 14. exf6 gxf6 15.
Nh4 f5 16. Ng3 Qxh4 17. a3 f4 18. Ne4 Bg4 19. Qa4 1-0

[Event "Let's Play Chess!"]
[Site "http://www.queenalice.com/game.php?id=39495"]
[Date "2005.11.24"]
[Round "-"]
[White "melchior"]
[Black "Edluise"]
[Result "1-0"]
[WhiteElo "1435"]
[BlackElo "1190"]

1. e4 e5 2. Nf3 d6 3. Bc4 Qf6 4. d3 Ne7 5. h4 Nec6 6. Bg5 Qg6 7. h5 Qxg5 8. Nxg5
Ke7 9. Nxf7 Rg8 10. Nxd6 cxd6 11. Qf3 Nd4 12. Qf7+ Kd8 13. Na3 Be6 14. Bxe6 Nxe6
15. Qxg8 Nc6 16. Qxe6 Nd4 17. Qc4 Rc8 18. Qa4 g5 19. Qxa7 1-0

[Event "Let's Play Chess!"]
[Site "http://www.queenalice.com/game.php?id=39496"]
[Date "2005.11.24"]
[Round "-"]
[White "melchior"]
[Black "Edluise"]
[Result "1-0"]
[WhiteElo "1421"]
[BlackElo "1204"]

1. d4 d5 2. c4 dxc4 3. e3 Nf6 4. Nc3 e6 5. Bxc4 Bd6 6. Nf3 O-O 7. O-O Ng4 8. h3
Nh6 9. e4 Nc6 10. Bxh6 Qf6 11. e5 Nxe5 12. Bg5 Nxf3+ 13. Qxf3 Qxg5 14. Ne4 Qg6
15. Nxd6 cxd6 16. Rfe1 Qc2 17. Bd3 Qxb2 18. Qe4 d5 19. Qxh7# 1-0